[Event "Biel GM"]
[Site "Biel"]
[Date "2007.07.24"]
[Round "2"]
[White "Polgar, Judit"]
[Black "Carlsen, Magnus"]
[Result "1/2-1/2"]
[WhiteElo "2707"]
[BlackElo "2710"]
[PlyCount "85"]
[EventDate "2007.07.23"]
[EventType "tourn"]
[EventRounds "9"]
[EventCountry "SUI"]
[EventCategory "18"]
[SourceTitle "CBM 120"]
[Source "ChessBase"]
[SourceDate "2007.10.02"]
[SourceVersion "1"]
[SourceVersionDate "2007.10.02"]
[SourceQuality "1"]

1. e4 {Fernandez,Daniel Howard Stohl,Igor} e5 2. Nf3 Nc6 3. Bb5 a6 4. Ba4 Nf6 5. O-O Nxe4 6. d4 b5 7. Bb3 d5 8. dxe5 Be6 9. Nbd2 ({RR} 9. c3 Bc5 10. Nbd2 O-O 11. Bc2 Nxf2 12. Rxf2 f6) 9... Be7 ({RR} 9... Nc5 10. c3 d4 ({RR} 10... Be7 11. Bc2 d4 ({RR} 11... Bg4 12. Re1 O-O 13. Nb3 Ne4 14. Bf4 Re8 15. h3 Bh5 16. a4 bxa4 17. Rxa4 Bf8 18. Nbd4 Nxe5 19. Bxe5 Rxe5 20. g4 Qf6 21. gxh5 c5 22. Nb3 Rg5+ 23. Kf1 Rf5 24. Rexe4 dxe4 25. Bxe4 Rd8 26. Qe2) 12. Nb3 ({RR} 12. cxd4 Nxd4 13. Nxd4 Qxd4 14. Nf3 Qxd1 15. Rxd1 O-O) 12... d3 13. Nxc5 ({RR} 13. Bb1 Nxb3 14. axb3 Bf5 15. Be3 O-O 16. Re1 Qd5 17. b4 Rfd8 ({RR} 17... a5 18. bxa5 Rxa5 19. Rxa5 Nxa5 20. Nd4 Bg6 21. Bxd3 Rd8 22. Bxg6 hxg6 23. Qe2 b4 24. e6 fxe6 25. Bf4 Bf6 26. Bxc7) 18. Ba2 ({RR} 18. Bd4 Bxb4 19. Bxd3 Bxd3 20. Qxd3 Nxd4 21. Nxd4 c5 22. Re4 Rac8) 18... Qd7 19. Bg5 h6 20. Bxe7 Qxe7 21. Nd2 Be6 22. f4 Bxa2 23. Rxa2 Qe6 24. Ra1 Qd5 ({RR} 24... a5) 25. Qb3) 13... dxc2 14. Qxd8+ Rxd8 15. Nxe6 fxe6 16. Be3 Rd5 17. Rfc1 ({RR} 17. c4 bxc4 18. Rac1 Nb4 19. a3 Nd3 20. Rxc2 Kd7 21. Bd4 Rb8) 17... Nxe5 18. Nxe5 Rxe5 19. Bd4 Rg5 ({RR} 19... Re2 20. Kf1 Rd2 21. Be3) 20. Rxc2 Kf7 21. Be3 Rg4 22. b3 Rd8 23. g3 e5 24. Kg2 Rg6 25. c4) ({RR} 10... Be7 11. Bc2) 11. Bxe6 ({RR} 11. Ng5 Qxg5 12. Qf3 O-O-O 13. Bxe6+ fxe6 14. Qxc6 Qxe5 15. b4 Qd5 16. Qxd5 exd5 17. bxc5 dxc3 18. Nb3 d4 19. Ba3 g6 20. Bb4 Bg7 21. a4 d3 22. axb5 d2 23. c6 Kb8 24. Rxa6 d1=Q 25. Bc5 Qxb3) 11... Nxe6 12. cxd4 Ncxd4 13. a4 ({RR} 13. Ne4 Be7 14. Be3 Nf5 15. Qc2 O-O 16. Neg5 ({RR} 16. Rfd1 Nxe3 17. fxe3 Qc8 18. Rac1 c5 19. Nd6 Qc6 20. Rd2 Ra7 21. Rcd1 c4 22. h4 Rc7 23. Rd5 g6 24. h5 Nc5 25. R1d4 Ne6 26. Rd1 Nc5 27. e6 fxe6 28. Ne5 exd5 29. Nxc6 Rxc6) 16... Bxg5 17. Nxg5 Nxg5 ({RR} 17... g6 18. Nxe6 ({RR} 18. Ne4) 18... fxe6 19. Rfe1) 18. Qxf5 Ne6 19. f4 ({RR} 19. Rad1 Qe7 20. Qe4 Rad8 21. f4 Rxd1 22. Rxd1 Qh4 23. Qf3 Rd8 24. g3 Qe7 25. a3 g6 26. b4 Rxd1+ 27. Qxd1 c5) 19... g6 20. Qe4 f5 21. exf6 Qxf6 22. Qc6 Rae8 23. Rf2 Ng7 24. Qxf6 Rxf6 25. Bd4 Rc6 26. Be5 Rd8 27. Re1) 13... Rb8 ({RR} 13... Bb4 14. axb5 Nxb5 15. Qa4 Be7 16. Ne4 O-O 17. Rd1 Qc8 18. Be3 Re8 ({RR} 18... Rd8) 19. h4 h6 20. Rac1 Qb7 21. Ng3 Red8 22. Qg4 Kh8 23. Qh5 Kg8 24. Rxd8+ Rxd8 25. Bxh6 gxh6 26. Nf5 Bf8 27. Rc4 Rd7 28. Nxh6+) 14. axb5 axb5 15. Ne4 Be7 16. Be3 Nf5 17. Ba7 ({RR} 17. Qc2 Nxe3 18. fxe3 Qd5 19. Rac1 Qc4 20. Qxc4 bxc4 21. Rxc4 Rxb2 22. Nd4 Rb6 23. Nc3 Bg5 24. Nd5) 17... Qxd1 18. Rfxd1 Rd8 19. g4 Nh4 20. Nxh4 Bxh4 21. Rxd8+ Bxd8 22. Be3 h5 23. h3 hxg4 24. hxg4) ({RR} 9... Bc5 10. Nxe4 dxe4 11. Bxe6 Qxd1 12. Rxd1 fxe6 13. Ng5 O-O 14. Nxe4 Bb6 15. Kf1 Nxe5 16. Ke2) ({RR} 9... Nc5 10. c3 d4 11. Ng5 dxc3 ({RR} 11... Qxg5 12. Qf3 O-O-O 13. Bxe6+ fxe6 14. Qxc6 Qxe5 15. b4 Qd5) 12. Nxe6 fxe6 13. bxc3 Qd3 14. Nf3 ({RR} 14. Bc2 Qxc3 15. Nb3) 14... O-O-O 15. Qe1 Nxb3 16. axb3 Kb7 17. Be3 Be7 18. Bg5 ({RR} 18. Qc1) 18... h6 ({RR} 18... Rhe8) 19. Bxe7 Nxe7 20. Nd4 Rxd4 21. cxd4 Qxb3 22. Qe3 Qxe3 23. fxe3 Nd5 24. Kf2) 10. c3 ({RR} 10. Nxe4 dxe4 11. Bxe6 fxe6 12. Ng5 Qxd1 ({RR} 12... Bxg5 13. Qh5+ g6 14. Qxg5 O-O) 13. Rxd1 Bxg5 14. Bxg5 h6) 10... O-O 11. Bc2 ({RR} 11. Re1 Nc5 ({RR} 11... Nxd2 12. Qxd2 Qd7) 12. Nd4 ({RR} 12. Bc2 d4 13. Nb3 ({RR} 13. cxd4 Nxd4 14. Nxd4 Qxd4 15. Nf3 Qxd1 16. Rxd1) 13... dxc3 14. bxc3 Qxd1 15. Rxd1 Na4 16. Bd2 Rfd8 17. Nbd4 Nxd4 18. Nxd4 Nb2 19. Re1 c5 20. Nxe6 Rxd2 21. Be4 Ra7 22. Nf4 c4 23. Kf1 Bc5 24. Re2 Rad7) 12... Nxd4 ({RR} 12... Qd7 13. Bc2 Bg4 14. f3 Bh5 15. Bf5 Ne6 ({RR} 15... Qe8 16. N2b3 Bg6 17. Bxg6 hxg6 18. e6) 16. N2b3 Ncxd4 17. cxd4 a5 18. Be3 a4 19. Nc1 Bg6 20. Bh3 a3 21. b3 Bb4 22. Bd2 Qe7 ({RR} 22... Be7) 23. Bxe6 fxe6 24. Ne2 c5 25. Bxb4 cxb4 26. Qd2 Rac8 27. Rac1) 13. cxd4 Nd3 14. Re3 Nxc1 ({RR} 14... Nf4 15. Bc2 c5 16. Rg3 Bh4 17. Nf3 Bxg3 18. hxg3 Ng6 19. dxc5 Bg4 20. Qd4 Qd7 21. Bxg6 hxg6 22. c6 Qf5 23. Ng5 Rfe8 24. Bf4) 15. Rxc1 c5 16. dxc5 Rc8 17. Rec3 ({RR} 17. Rd3 Bxc5 18. Ne4 dxe4 19. Rxd8 Rfxd8 20. Qe1 Bxb3 21. axb3 Bd4 22. Rxc8 Rxc8 23. g3 Bxe5 24. Qxe4 Bxb2 25. Qb7 Rc1+ 26. Kg2 g6 27. Qxa6 b4) 17... b4 18. R3c2 Bf5 19. c6 Bxc2 20. Rxc2 Qa5 21. Nf3 Rfd8 22. Nd4 g6 23. e6) ({RR} 11. Qe2 Nc5 ({RR} 11... Nxd2 12. Bxd2 Na5 13. Bc2 Nc4 14. Nd4 Nxd2 15. Qxd2 Qd7 16. f4 c5 17. Nxe6 fxe6 18. Rad1 Rad8 19. Qd3 g6 20. Qg3 Rf7 21. h4 Rg7 22. Qh3 c4 23. Kh1 a5 24. h5 Bc5 25. Rf3) 12. Nd4 Nxb3 13. N2xb3 Qd7 14. Nxc6 Qxc6 15. Be3 Bf5 ({RR} 15... Qc4 16. Qd2 Qg4 17. Bc5 Rae8 18. Rfe1 Qg6 19. f3 c6 20. Re2 Bc8 21. Rae1 h6 22. Qd4) 16. Rfd1 Qg6 ({RR} 16... Rfd8 17. f3 Bf8 18. Qf2 a5 19. Rd2 b4 20. Rc1 Qa4 21. Nd4 Bg6 22. b3 Qe8) 17. Nd4 Bd7 18. b4 Qe4 19. Bd2 Qxe2 20. Nxe2 Rfe8 21. Bf4 c6 22. Nd4 a5 23. a3 axb4 24. axb4 Ra4) 11... f5 ({RR} 11... Bf5) 12. Nb3 ({RR} 12. exf6 Nxf6 13. Nb3 Bg4 14. Qd3 Qd7 ({RR} 14... Ne4 15. Nbd2 Nf6 16. Ng5 ({RR} 16. a4) 16... g6 17. Ndf3 Qd6 18. h3 ({RR} 18. Re1 Rfe8) 18... Bf5 19. Qe2 Bxc2 20. Qxc2 Rae8) 15. a4 b4 ({RR} 15... Bd6)) ({RR} 12. exf6 Nxf6 13. Nb3 Bg4 14. Qd3) 12... Qd7 13. Nfd4 ({RR} 13. Nbd4 Nxd4 {RR} 14. cxd4 Rac8 15. Ne1 c5 16. f3 cxd4 17. fxe4 dxe4 18. Bb3 Bc5) 13... Nxd4 14. Nxd4 ({RR} 14. cxd4 a5 15. f3 a4 16. fxe4 axb3 17. Bxb3 fxe4 18. Be3 Rxf1+ 19. Qxf1 c6) 14... c5 15. Nxe6 Qxe6 16. f3 Ng5 17. a4 ({RR} 17. Bxg5 Bxg5 18. f4) 17... Rad8 ({RR} 17... g6 18. Kh1 Qc6 ({RR} 18... c4 19. b4 ({RR} 19. b3 Qc6 20. Bxg5 Bxg5 21. f4 Be7 22. Qf3) 19... a5 20. bxa5 Rxa5 21. Bxg5 Bxg5 22. f4 Be7 23. axb5 Rxb5 24. Ba4 Rb2 ({RR} 24... Rbb8 25. Qd4 Rbc8 26. Rfd1 Rfd8) 25. Qd4 Rc8 26. Rfd1 Rc5 27. Rab1 Rxb1 28. Rxb1 Ra5 29. Bd1 Qa6 30. h3 Kg7 31. Bf3) 19. Bxg5 Bxg5 20. f4 Be7 21. Qf3 c4 22. Rfd1 Rfd8 23. b4 a5 24. axb5 Qxb5 25. Ba4 Qb6 26. b5 Qe6 27. Rd2 Ra7 28. Rad1 Rad7 29. g3 Kg7 30. b6 Rb7 31. Rxd5 Rxd5 32. Qxd5) ({RR} 17... b4) 18. axb5 axb5 19. Ra7 ({RR} 19. Bxg5 Bxg5 20. f4 Be7 21. Kh1 ({RR} 21. b4 cxb4 22. cxb4 Bxb4 23. Qd3) 21... Kh8 ({RR} 21... Qb6 22. b3 d4 23. c4 bxc4 24. bxc4 Qb7 25. Bd3 Ra8 26. Rb1 Qc6 27. Be2 Rab8 28. Bf3 Rxb1 29. Qxb1 Qc7 30. Bd5+) ({RR} 21... c4 22. Qd4 Qc6 23. b4 cxb3 24. Bxb3 Kh8 25. Ra5 Rc8 26. Bxd5 Qxc3 27. Qxc3 Rxc3 28. Rxb5) 22. Qd3 ({RR} 22. Ra7 d4 23. Qf3 dxc3 24. bxc3 Rd2 25. Bb1 Rd7 26. Rxd7 Qxd7 27. Rd1 Qc7 28. c4 bxc4 29. Qc3 Rd8) 22... Qb6 ({RR} 22... Qc6 23. Rfd1 c4 24. Qf3 g6 25. b4 ({RR} 25. h3) 25... Rd7 ({RR} 25... Qb6 26. Rxd5 Rxd5 27. Qxd5 Qe3 28. Qxb5 Qxc3 29. Qa4 Bxb4) 26. Qe3 Ra8 27. Qd4) 23. g4 d4 ({RR} 23... g6 24. gxf5 Rxf5 25. Qe2 Rf7) ({RR} 23... c4 24. Qh3 Qc6 25. Qg2 fxg4 26. f5 Bc5 ({RR} 26... g3 27. f6 gxf6 28. Bxh7 fxe5) 27. Qxg4 Rde8 28. f6 gxf6 29. Bxh7 Rxe5 30. Bg6 Qb7 31. Bf5 Rf7 32. Rf3) 24. gxf5 c4 25. Qe4 d3 26. Bd1 Qh6 27. Ra7 Bc5 28. Rc7 Rc8 29. Rxc8 Rxc8 30. Bf3 Rd8 31. Kg2 Qh4 32. Ra1 d2 33. Qc6 Qf2+) ({RR} 19. Kh1 f4 20. Bd2 c4 21. Ra5 ({RR} 21. h4 Qh6) 21... Qc6 22. Qa1 Bc5 23. Ra6 Qb7 24. Qa5 Rde8 25. Re1 Bf2 26. Rf1 Be3) ({RR} 19. Qe2 c4 20. Be3 Qc6 21. Rfd1 Ne6 22. Rd2 g6 23. f4 Rd7 24. Qf2 Rfd8 25. Kf1 Bc5 26. Bxc5 Nxc5 27. Rad1 h5 28. h3 Ne4 29. Bxe4 dxe4) ({RR} 19. Bxg5 Bxg5 20. f4 Be7 21. Kh1 d4 22. cxd4 c4 23. b3 ({RR} 23. Qd2 Qd5 ({RR} 23... Bc5 24. Qa5) 24. Ra5) 23... Bc5 24. bxc4 Rxd4 25. Qf3 bxc4 26. Rfd1 g6 27. Rxd4 Bxd4 28. Rd1 ({RR} 28. Ra8 Rxa8 29. Qxa8+ Kg7 30. Qb7+ Qf7 31. Qxf7+) 28... Rd8 29. Qb7 Bb6 30. Rxd8+ Bxd8 31. Ba4 Qb6 32. Qxb6 Bxb6 {½-½ (32) Anand,V (2767)-So,W (2792) Wijk aan Zee 2018 CBM 183 [Fernandez,Daniel Howard]}) ({RR} 19. Bxg5 Bxg5 20. f4 Be7 21. b4 d4 22. bxc5 Kh8 23. cxd4 Bxc5 24. Kh1 Bxd4 25. Rb1 b4 26. Qf3 Bc3 27. Bb3 Qe7 28. Rbd1 Rxd1 29. Rxd1 Rd8 30. Rxd8+ Qxd8 31. Qb7 g6 32. Qf7 Bd4 33. g3 Qa8+ {Yagupov,I (2230)-Raczek,K (2443) chess.com INT 2025 1-0 (42)}) 19... Rd7 ({RR} 19... c4 20. Be3 Qxe5 ({RR} 20... b4 21. Qd2 f4 22. Bf2 b3 23. Bb1 Qf7 24. Qd4 Ne6 25. Qb6) 21. Re1 ({RR} 21. Qd2 d4 22. cxd4 f4) 21... Qd6 22. Rb7 Ne6 23. Kh1 ({RR} 23. Rxb5) 23... g6 24. Bd4 Nxd4 25. Rexe7 Ne6 26. g4 ({RR} 26. Rxh7) 26... Rfe8 27. Rxh7 Qe5 28. gxf5 Nf4 29. Qg1 Qe3) 20. Rxd7 Qxd7 21. Be3 ({RR} 21. Kh1 f4 22. b4 ({RR} 22. Qd2) 22... c4 23. Qd2 Ne6 24. Rd1 Nc7 25. Qf2 Qe6 26. Qd4 Qc6 27. Kg1 g6) ({RR} 21. Qe2 g6 ({RR} 21... Ne6 22. Be3 f4) 22. Be3 Ne6 23. Rd1 Qc6 24. f4 Rc8 ({RR} 24... c4) 25. g4 d4 26. Bc1 Kh8 27. h3 Rf8 28. gxf5 gxf5 29. Kh2 dxc3 30. bxc3) ({RR} 21. b4 cxb4 22. Bxg5 ({RR} 22. cxb4 Ne6) 22... Bxg5 23. f4 Be7 24. cxb4 Bxb4 25. Qd4 Be7 26. Bb3 Rc8 27. Bxd5+ Kf8) ({RR} 21. Bxg5 Bxg5 22. f4 Bd8 23. b3) ({RR} 21. f4 Ne4 22. Bxe4 fxe4 23. f5 d4 24. f6 gxf6 25. Bh6 Rf7 26. cxd4 fxe5 27. Rxf7 Kxf7 28. Qh5+ Kg8 29. dxe5 c4 30. e6 Qa7+ 31. Kf1 Qa1+ 32. Kf2 Qxb2+ 33. Kg3 Qf6 34. Qe8+ Bf8 35. Bxf8 Qg5+ {Karjakin,S (2788)-Polgar,J (2699) Khanty-Mansiysk 2011 ½-½ (44)}) 21... f4 $146 ({RR} 21... Qc6 22. Bxg5 Bxg5 23. f4 Be7 24. g4 fxg4 25. Qxg4 c4 26. f5 Kh8 27. Kh1 d4+ ({RR} 27... Bc5 28. f6 ({RR} 28. Rd1 b4 29. Qf3 Rd8 30. f6) 28... gxf6 29. Bxh7 f5 ({RR} 29... Kxh7 30. Rf3 Be3 31. Rxe3 d4+ 32. Rf3) 30. Qh5 Kg7 31. Bxf5 Qh6 32. Qd1) 28. Be4 Qd7 29. cxd4 Qxd4 30. f6 g6 ({RR} 30... gxf6 31. Rg1) 31. Qf4 ({RR} 31. Rd1 Qxe5 32. fxe7 Qxe7 33. Bc6) 31... Bd8 32. Bg2 ({RR} 32. Bc6 Qxb2 ({RR} 32... Qxf4 33. Rxf4 Bc7 34. Re4 Bxe5 35. Rxe5 b4 36. Re6 c3 37. bxc3 bxc3 38. Be4) 33. Qe3 ({RR} 33. Qh6 Rf7 34. Qe3 Qb3 35. Qxb3 cxb3 36. Bd5 Rf8 37. Bxb3 Bc7 38. e6 Bd8) 33... Be7 34. Rf2 Qa1+ ({RR} 34... Bc5 35. Rxb2 Bxe3 36. e6 Rxf6 37. e7 Re6 38. e8=Q+ Rxe8 39. Bxe8 c3 40. Rc2) 35. Kg2 Bb4 36. Qh6 Rf7 37. Qf4) 32... Qxf4 ({RR} 32... Qxb2 33. Qe3) 33. Rxf4 Bc7 34. Re4 Bd8 35. Kg1 ({RR} 35. Rd4 Bxf6 36. exf6 Rxf6 37. Rd8+ Kg7 38. Rb8) 35... Bxf6 ({RR} 35... Kg8 36. Bh3 Bxf6 ({RR} 36... Kf7 37. Bd7) 37. exf6 Rxf6 38. Bd7 Rb6 39. Re5) 36. exf6 {Naiditsch,A (2693)-Mikhalevski,V (2608) Budva 2009 CBM 130 [Stohl,Igor] 1-0 (89)}) ({RR} 21... Ne6 22. f4) ({RR} 21... Ne6 22. f4 g6 23. g3 Rd8 24. Bf2 d4 25. cxd4 Nxd4 26. Bxd4 Qxd4+ 27. Qxd4 Rxd4 28. Rd1 c4 29. Rxd4 Bc5 30. b3 Bxd4+ 31. Kg2 cxb3 32. Bxb3+ {½-½ (32) Gashimov,V (2730)-Sutovsky,E (2660) Poikovsky 2009}) 22. Bf2 g6 23. Qd2 Ne6 24. Rd1 Rd8 25. Be4 ({RR} 25. h4 d4 26. h5) 25... Qc7 26. Bxd5 Qxe5 27. b3 Kg7 28. c4 bxc4 29. bxc4 Nc7 30. Qa2 Nxd5 31. cxd5 Kf8 32. h3 Qd6 33. Qc4 Kf7 34. Kh1 Kf8 35. Re1 Kf7 36. Rd1 Kf8 37. Bg1 Kf7 38. Qe4 Bf6 39. Qc4 Bd4 40. Qc1 Qxd5 41. Qxf4+ Kg8 42. Bxd4 cxd4 43. Rd3 1/2-1/2

[Event "Biel GM"]
[Site "Biel"]
[Date "2007.07.25"]
[Round "3"]
[White "Carlsen, Magnus"]
[Black "Avrukh, Boris"]
[Result "1/2-1/2"]
[WhiteElo "2710"]
[BlackElo "2645"]
[PlyCount "71"]
[EventDate "2007.07.23"]
[EventType "tourn"]
[EventRounds "9"]
[EventCountry "SUI"]
[EventCategory "18"]
[SourceTitle "CBM 120"]
[Source "ChessBase"]
[SourceDate "2007.10.02"]
[SourceVersion "1"]
[SourceVersionDate "2007.10.02"]
[SourceQuality "1"]

1. e4 c5 2. Nf3 e6 3. d4 cxd4 4. Nxd4 a6 5. Bd3 Bc5 6. c3 Ne7 7. O-O Nbc6 8. Be3 d6 9. Nd2 O-O 10. Qe2 Qc7 $146 ({RR} 10... Ba7 11. Rad1 e5 12. Nxc6 bxc6 13. Nc4 Qc7 14. Bxa7 Rxa7 15. Bc2 Rd8 16. Qd3 Bg4 17. Rd2 Ng6 18. Qe3 Raa8 19. b4 Be6 20. Bb3 Bxc4 21. Bxc4 a5 22. g3 Ne7 23. f4 d5 24. Bb3 exf4 25. Rxf4 {Hammer,J (2588)-Cramling,D (2408) Stockholm 2010 1-0 (33)}) 11. Rad1 Bd7 12. Nxc6 Qxc6 13. e5 Bxe3 14. Qxe3 dxe5 15. Qxe5 Rad8 16. Nf3 f6 17. Qh5 g6 18. Qh4 Qc7 19. Rfe1 Bc8 20. Qc4 Nd5 21. Nd4 e5 22. Qxc7 Nxc7 23. Bc4+ Kg7 24. f4 Bg4 25. Nf3 Rxd1 26. Rxd1 exf4 27. Rd6 Re8 28. Nd4 Bc8 29. Kf2 Re5 30. a4 g5 31. b4 h5 32. Bb3 Re3 33. Rd8 Re8 34. Rd6 Re3 35. Rd8 Re8 36. Rd6 1/2-1/2

[Event "Biel GM"]
[Site "Biel"]
[Date "2007.07.27"]
[Round "4"]
[White "Motylev, Alexander"]
[Black "Carlsen, Magnus"]
[Result "0-1"]
[WhiteElo "2648"]
[BlackElo "2710"]
[Annotator "ChessBase"]
[PlyCount "70"]
[EventDate "2007.07.23"]
[EventType "tourn"]
[EventRounds "9"]
[EventCountry "SUI"]
[EventCategory "18"]
[SourceTitle "CBM 120"]
[Source "ChessBase"]
[SourceDate "2007.10.02"]
[SourceVersion "1"]
[SourceVersionDate "2007.10.02"]
[SourceQuality "1"]

1. e4 e5 2. Nf3 Nc6 3. Bb5 a6 4. Ba4 Nf6 5. O-O Be7 6. Re1 b5 7. Bb3 O-O 8. c3 d6 9. h3 Nb8 10. d4 Nbd7 11. Nbd2 Bb7 12. Bc2 Re8 13. Nf1 Bf8 14. Ng3 g6 15. b3 c6 16. a4 ({RR} 16. Bg5 Bg7 17. Qd2 Qc7 18. Bh6 Nf8 19. b4 Ne6 20. Bb3 Nd7 21. Bxg7 Kxg7 22. Bxe6 Rxe6 23. dxe5 dxe5 24. Rad1 Nb6 25. Nf5+ Kg8 26. Nh6+ Kg7 27. Nf5+ Kh8 28. Nd6 Kg8 29. Re3 Rf8 30. Rd3 Ba8 {Motylev,A (2648)-Zakhartsov,V (2559) Krasnoyarsk 2007 1-0 (36)}) 16... Bg7 ({RR} 16... Qc7 17. Bg5 Bg7 18. Qd2 Nf8 19. Bh6 Ne6 20. Bxg7 Kxg7 21. Rad1 Rad8 22. b4 Bc8 23. Bb3 Nf4 24. Re3 Qe7 25. Rde1 N6h5 26. Nxh5+ Nxh5 27. axb5 axb5 28. c4 bxc4 29. Bxc4 Nf4 30. dxe5 dxe5 31. Qc3 {Duda,J (2737)-Karjakin,S (2773) Chess.com INT 2018 1-0 (45)}) 17. Ba3 $146 ({RR} 17. Bg5 h6 18. Be3 Qc7 19. Qd2 Kh7 20. h4 Ng4 21. h5 Nxe3 22. Rxe3 exd4 23. cxd4 c5 24. hxg6+ fxg6 25. Rc1 Rac8 26. e5 dxe5 27. dxc5 Nxc5 28. Qe2 Qb8 29. Ng5+ hxg5 30. Qh5+ Kg8 31. Bxg6 Ne6 {Kulaots,K (2530)-Ostmoe,G (2327) Gausdal 2003 1-0 (39)}) ({RR} 17. Bg5 Qc7 18. Bd3 Nf8 19. b4 Ne6 20. Be3 Nd7 21. Qd2 Nb6 22. axb5 cxb5 23. d5 Nf4 24. Bf1 Nc4 25. Bxc4 Qxc4 26. Ra3 Rad8 27. Bxf4 exf4 28. Qxf4 Bxd5 29. h4 Bb7 30. h5 d5 31. h6 Bf8 {Slaby,J (2464)-Brozyna,M (2224) chess.com INT 2025 0-1 (38)}) 17... d5 18. dxe5 Nxe5 19. Nxe5 Rxe5 20. f4 Re8 21. e5 Nd7 22. Bd6 c5 23. axb5 axb5 24. Rxa8 Bxa8 25. b4 cxb4 26. Bxb4 f6 27. Bb3 fxe5 28. Bxd5+ Bxd5 29. Qxd5+ Kh8 30. f5 Qb6+ 31. Kh2 Nf6 32. Qf7 e4 33. fxg6 Qb8 34. gxh7 Qe5 {Carlsen had played the game extremely quickly, but not without some inaccuracies. Here Motylev had a winning position, but he was already in extreme time trouble and carlsen's rapid play did not allow him much thinking time on his opponent's moves.. Carlsen hatte die Partie extrem schnell gespielt, aber auch nicht fehlerlos. Motylev hatte hier eine Gewinnstellung, aber er befand sich auch schon starker Zeitnot und wegen Carlsens schnellen Spiel erhielt er wenig Gelegenheit bei gegnerischem Zugrecht nachzudenken.} 35. Bd6 $4 ({The strongest move, and almost the only winning one was Am stärksten (und fast auch der einzige Gewinn) war} 35. Qg6 Z0 {and the unpinning of the g3-knight with und die Entfesselung des Springers g3 mit} 36. Kg1) 35... Qxd6 {The plan now was 36.xg7+ xg7 37.f5+, but the knight on g3 was still pinned. Geplant war nun 36.xg7+ xg7 37.f5+, aber der Springer auf g3 ist immer noch gefesselt.} 0-1

[Event "Biel GM"]
[Site "Biel"]
[Date "2007.08.02"]
[Round "9"]
[White "Carlsen, Magnus"]
[Black "Radjabov, Teimour"]
[Result "1-0"]
[WhiteElo "2710"]
[BlackElo "2746"]
[PlyCount "55"]
[EventDate "2007.07.23"]
[EventType "tourn"]
[EventRounds "9"]
[EventCountry "SUI"]
[EventCategory "18"]
[SourceTitle "CBM 120"]
[Source "ChessBase"]
[SourceDate "2007.10.02"]
[SourceVersion "1"]
[SourceVersionDate "2007.10.02"]
[SourceQuality "1"]

1. e4 d6 2. d4 Nf6 3. Nc3 e5 4. Nge2 Nbd7 5. g3 c6 6. Bg2 b5 7. a3 Be7 8. O-O O-O 9. h3 a5 10. g4 ({RR} 10. Be3 Bb7 11. b4 axb4 12. axb4 d5 13. exd5 Nxd5 14. Nxd5 cxd5 15. dxe5 Nxe5 16. Rxa8 Qxa8 17. c3 d4 18. Bxb7 Qxb7 19. Nxd4 Rd8 20. f4 Nc4 21. Bf2 Qd7 22. Kh2 Bf6 23. Qd3 g6 24. Ra1 Re8 {Kosakowski,J (2515)-Ahmad,A (2279) chess.com INT 2025 1-0 (45)}) 10... Ba6 11. Ng3 b4 12. Nce2 bxa3 $146 ({RR} 12... d5 13. exd5 Nxd5 14. Re1 Re8 15. dxe5 Nxe5 16. Nd4 Bc5 17. Rxe5 Rxe5 18. Nxc6 Qh4 19. Nh1 Re2 20. Qxd5 Bxf2+ 21. Kh2 Bg1+ 22. Kxg1 Qe1+ 23. Kh2 Bb7 24. Ng3 Rxc2 25. Bg5 Qxa1 26. Ne7+ Kf8 27. Qxb7 {Salles,L (2207)-Iglesias,Y (2281) Paris 2016 ½-½ (33)}) ({RR} 12... d5 13. exd5 Nxd5 14. Re1 bxa3 15. bxa3 Bf6 16. g5 Bxg5 17. dxe5 Bxc1 18. Rxc1 Nxe5 19. Nd4 Nc3 20. Qd2 Nb5 21. Ngf5 Nxd4 22. Qxd4 Qxd4 23. Nxd4 Rad8 24. Rxe5 Rxd4 25. Rxa5 Bb5 26. c4 Rxc4 27. Rxc4 {Papazov,I (2240)-Ruck,R (2465) Tallinn 1997 ½-½ (32)}) 13. Rxa3 d5 14. Re3 dxe4 15. Re1 Qc7 16. Nf5 Bd8 17. g5 Nd5 18. Rxe4 f6 19. Neg3 g6 20. Nh6+ Kg7 21. dxe5 fxg5 22. e6 Kxh6 23. e7 Qb6 24. exf8=Q+ Nxf8 25. c4 Nf4 26. Qd6 Kg7 27. Bxf4 gxf4 28. Re7+ 1-0

[Event "Arctic Chess Challenge"]
[Site "Tromsoe"]
[Date "2007.08.06"]
[Round "3"]
[White "Larsen, Karsten"]
[Black "Carlsen, Magnus"]
[Result "1/2-1/2"]
[WhiteElo "2307"]
[BlackElo "2710"]
[PlyCount "89"]
[EventDate "2007.08.04"]
[EventType "swiss"]
[EventRounds "9"]
[EventCountry "NOR"]
[SourceTitle "CBM 119 Extra"]
[Source "ChessBase"]
[SourceDate "2007.09.04"]
[SourceVersion "1"]
[SourceVersionDate "2007.09.04"]
[SourceQuality "1"]

1. e4 e5 2. Nf3 Nc6 3. Bb5 a6 4. Bxc6 dxc6 5. O-O Bd6 6. d4 exd4 7. Qxd4 f6 8. Be3 Ne7 9. Nbd2 Be6 10. Rad1 Ng6 11. Nc4 Bxc4 12. Qxc4 Qe7 13. Rfe1 ({RR} 13. Rd3 O-O-O 14. Re1 Rhe8 15. Bc1 c5 {½-½ (15) Vachier Lagrave,M (2686)-Roiz,M (2615) Biel 2012}) 13... O-O-O 14. Bd4 ({RR} 14. Bc1 Rhe8 15. g3 h5 16. Nd4 Ne5 17. Qe2 Qf7 18. Nf5 Bc5 19. Be3 Bf8 20. a3 Rxd1 21. Rxd1 Qc4 22. Qxc4 Nxc4 23. Bc1 Rxe4 24. Kf1 g6 25. Nh4 g5 26. Ng2 Ne5 27. h4 Nf3 28. hxg5 fxg5 {Rozentalis,E (2481)-Aradhya,G (2387) Fagernes NOR 2025 ½-½ (62)}) 14... Rhe8 15. Bc3 Kb8 $146 ({RR} 15... Ne5 16. Nxe5 Bxe5 17. f3 Bxc3 18. Qxc3 Rd6 19. Rxd6 Qxd6 20. Re3 Qd1+ 21. Re1 Qd6 22. g3 c5 23. Qe3 Rd8 24. c3 Qd2 25. Qe2 c4 26. f4 b5 27. Kf2 c5 28. Qxd2 Rxd2+ 29. Re2 Rd3 30. e5 {Kafka,G (2104)-Hulme,W (2020) Edinburgh 2009 1-0 (73)}) ({RR} 15... c5 16. a4 Qe6 17. b3 Qxc4 18. bxc4 Re6 19. g3 Rde8 20. Nd2 Be5 21. Bxe5 Nxe5 22. f4 Nf7 23. Kf2 Rd8 24. Re3 Nd6 25. Rd3 b6 26. Kf3 Rde8 27. Re1 Nf5 28. Nb3 Nd6 29. Nd2 Kb7 30. Ree3 {Wittwer,M (1986)-Prakken,G (2218) Triesen 2008 0-1 (62)}) 16. a4 Rd7 17. b3 Red8 18. g3 h5 19. h4 Qe8 20. Kg2 Re7 21. a5 Rdd7 22. Rd4 Nf8 23. Rd3 Ng6 24. Rde3 Ne5 25. Bxe5 Bxe5 26. Rd3 Bd6 27. Rde3 Re6 28. c3 Rde7 29. Nd4 Re5 30. b4 Ka8 31. Nf5 Rd7 32. f4 Re6 33. Nd4 Ree7 34. Nf3 g5 35. hxg5 fxg5 36. Nxg5 Rg7 37. e5 Be7 38. Qe6 Qd8 39. Ne4 h4 40. g4 h3+ 41. Kh2 Bh4 42. R1e2 Rde7 43. Qf5 Rgf7 44. Qh5 Rh7 45. Qf5 1/2-1/2

[Event "Arctic Chess Challenge"]
[Site "Tromsoe"]
[Date "2007.08.11"]
[Round "8"]
[White "Lie, Kjetil A"]
[Black "Carlsen, Magnus"]
[Result "1/2-1/2"]
[WhiteElo "2536"]
[BlackElo "2710"]
[PlyCount "80"]
[EventDate "2007.08.04"]
[EventType "swiss"]
[EventRounds "9"]
[EventCountry "NOR"]
[SourceTitle "CBM 119 Extra"]
[Source "ChessBase"]
[SourceDate "2007.09.04"]
[SourceVersion "1"]
[SourceVersionDate "2007.09.04"]
[SourceQuality "1"]

1. e4 e5 2. Nf3 Nc6 3. d4 exd4 4. Bc4 Nf6 5. e5 Ng4 6. Qe2 Qe7 7. Bf4 f6 8. exf6 Nxf6 9. Nbd2 d6 10. O-O-O Qxe2 11. Bxe2 Nh5 12. Bg5 h6 13. Bh4 g5 14. Nxd4 Nf4 15. Bb5 Bd7 16. Rhe1+ $146 ({RR} 16. Bxc6 bxc6 17. Bg3 Nxg2 18. Rhg1 Nh4 19. Rde1+ Kf7 20. Bxh4 gxh4 21. Re4 d5 22. Rf4+ Ke8 23. Re1+ Kd8 24. Rf7 Bd6 25. f4 Re8 26. Rg1 c5 27. N4f3 h3 28. b3 c4 29. bxc4 Be6 30. Rf6 dxc4 {Slettebo,J (1888)-Hector,J (2487) Helsingor 2019 0-1 (31)}) 16... Be7 17. Bxc6 bxc6 18. Bg3 Nxg2 19. Re4 c5 20. Ne6 Bxe6 21. Rxe6 Nh4 22. Bxh4 gxh4 23. Re4 Rh7 24. Nf3 h3 25. Ng1 Kd7 26. Nxh3 Rf7 27. Rg1 Raf8 28. Rg6 Rf6 29. Rg3 d5 30. Rd3 Rf5 31. c4 d4 32. f4 Bd6 33. Rf3 Rh5 34. Kc2 Rg8 35. Kd3 Rg4 36. Nf2 Rgh4 37. h3 Rf5 38. Ng4 h5 39. Nf2 Rfxf4 40. Rfxf4 Bxf4 1/2-1/2